[Event "84th Tata Steel Challengers 2022"]
[Site "Wijk aan Zee"]
[Date "2022.01.20"]
[Round "5.1"]
[White "Erigaisi Arjun"]
[Black "Murzin, Volodar"]
[Result "1-0"]
[WhiteElo "2629"]
[BlackElo "2519"]
[Annotator "TA"]
[PlyCount "141"]
[EventDate "2022.01.15"]
[EventType "tourn"]
[EventCountry "NED"]
[SourceTitle "playchess.com"]
[Source "ChessBase"]
[SourceQuality "1"]

1. d4 d5 2. c4 c6 3. cxd5 cxd5 4. Nc3 e6 5. Bf4 Bd6 6. Bg3 Nc6 7. e3 Nf6 8. Bd3 Bxg3 9. hxg3 Qd6 10. g4 Ng8 11. f4 Nge7 12. Nf3 Bd7 13. Rc1 f6 14. g5 O-O-O 15. Nb5 Qb4+ 16. Kf2 Kb8 17. a3 Qa5 18. b4 Qb6 19. Nc3 Rdf8 20. Na4 Qd8 21. Nc5 Bc8 22. b5 Na5 23. Kg1 Nf5 24. Qe1 h5 25. gxf6 gxf6 26. Nh4 Nxh4 27. Rxh4 Rfg8 28. Rc2 Nc4 29. Bxc4 dxc4 30. Qf2 b6 31. Na6+ Bxa6 32. bxa6 Qd5 33. a4 f5 34. Qe2 Qe4 35. Rh3 h4 36. Rxc4 Rg4 37. Qf3 Qd5 38. Qxd5 exd5 39. Rc2 Rc8 40. Rxc8+ Kxc8 41. Kf2 Kd7 42. Rh1 Kd6 43. Rh3 Ke6 44. Rh1 Kd6 45. a5 bxa5 46. Ra1 Rg8 47. Rxa5 Rb8 48. Ra1 Rb6 49. Kf3 Ke7 50. Rh1 Rh6 51. g4 fxg4+ 52. Kxg4 Rg6+ 53. Kf5 Rxa6 54. Rxh4 Re6 55. Rh7+ Kd6 56. Rh3 a5 57. Kg5 a4 58. f5 Re4 59. Rh6+ Ke7 60. Rh7+ Kd6 61. Ra7 Rxe3 62. Rxa4 Re4 63. Kf6 Kd7 64. Kf7 Kd6 65. f6 Kd7 66. Kf8 Rf4 67. f7 Rg4 68. Ra7+ Kd8 69. Ra6 Kd7 70. Rh6 Rg5 71. Rh7 1-0

[Event "Tata Steel Tienkampen 2023"]
[Site "Wijk aan Zee"]
[Date "2023.01.24"]
[Round "5.1"]
[White "Zwirs, Nico"]
[Black "De Winter, Arthur"]
[Result "0-1"]
[WhiteElo "2467"]
[BlackElo "2371"]
[Annotator "TA"]
[PlyCount "150"]
[EventDate "2023.01.20"]
[EventType "swiss"]
[EventCountry "NED"]
[SourceTitle "playchess.com"]
[Source "ChessBase"]
[SourceQuality "1"]

1. e4 c5 2. Nf3 d6 3. d4 cxd4 4. Nxd4 Nf6 5. Nc3 a6 6. Be3 e5 7. Nb3 Be7 8. f3 Be6 9. Qd2 h5 10. Nd5 Nxd5 11. exd5 Bf5 12. Be2 Nd7 13. O-O O-O 14. Na5 Qc8 15. b4 h4 16. Rac1 Bd8 17. Nb3 e4 18. fxe4 Bxe4 19. h3 b5 20. c4 Qb7 21. Bf4 bxc4 22. Bxc4 Bb6+ 23. Kh1 Rfe8 24. Na5 Bxa5 25. bxa5 Ne5 26. Bb3 Qb5 27. Bg5 Ng6 28. Rfe1 Re5 29. Bf4 Nxf4 30. Qxf4 Bxd5 31. Bxd5 Qxd5 32. Red1 Qxa2 33. Rxd6 Qxa5 34. Qxh4 Rae8 35. Rdd1 Qb6 36. Qg4 Qb7 37. Rb1 Rb5 38. Rbc1 Rd5 39. Rxd5 Qxd5 40. Qa4 Qb5 41. Qd4 a5 42. Rc7 Ra8 43. Qe4 Qb8 44. Rb7 Qf8 45. Rd7 Rd8 46. Rxd8 Qxd8 47. Qc6 Qb8 48. Qa6 Qe5 49. Qc6 Qa1+ 50. Kh2 g6 51. h4 a4 52. h5 Qe5+ 53. Kg1 Qd4+ 54. Kh2 gxh5 55. Qb5 Qg4 56. Qe8+ Kg7 57. Qe5+ Kg6 58. Qd6+ f6 59. Qd3+ Qf5 60. Qg3+ Qg5 61. Qd3+ Kh6 62. Qa3 Qf4+ 63. Kh1 Qh4+ 64. Kg1 Qd4+ 65. Kh1 Kg5 66. Qg3+ Kh6 67. Qg8 h4 68. Qf8+ Kg5 69. Qg8+ Kf4 70. Qb8+ Ke3 71. Qb7 Kd2 72. Qb1 Qc3 73. Qa2+ Qc2 74. Qd5+ Kc1 75. Qa5 h3 0-1

[Event "82nd Tata Steel Qualifiers 2020"]
[Site "Wijk aan Zee"]
[Date "2020.01.21"]
[Round "5.1"]
[White "Vogel, Roven"]
[Black "Suleymanli, Aydin"]
[Result "1/2-1/2"]
[WhiteElo "2465"]
[BlackElo "2473"]
[Annotator "TA"]
[PlyCount "24"]
[EventDate "2020.01.18"]
[EventCountry "NED"]
[SourceTitle "playchess.com"]
[Source "ChessBase"]
[SourceQuality "1"]

1. Nf3 d5 2. d4 Nf6 3. c4 c6 4. cxd5 cxd5 5. Nc3 Nc6 6. Bf4 Bf5 7. e3 e6 8. Bd3 Bxd3 9. Qxd3 Bd6 10. Bxd6 Qxd6 11. O-O O-O 12. Rac1 Rfc8 1/2-1/2

[Event "82nd Tata Steel Masters 2020"]
[Site "Wijk aan Zee"]
[Date "2020.01.16"]
[Round "5.2"]
[White "Caruana, Fabiano"]
[Black "Van Foreest, Jorden"]
[Result "1/2-1/2"]
[WhiteElo "2822"]
[BlackElo "2644"]
[Annotator "TA"]
[PlyCount "69"]
[EventDate "2020.01.11"]
[EventType "tourn"]
[EventCountry "NED"]
[SourceTitle "playchess.com"]
[Source "ChessBase"]
[SourceQuality "1"]

1. c4 e5 2. g3 Nf6 3. Bg2 Bc5 4. Nc3 c6 5. Nf3 e4 6. Nh4 d5 7. cxd5 cxd5 8. d3 Ng4 9. O-O g5 10. dxe4 gxh4 11. Bf4 hxg3 12. Bxg3 Bd6 13. Qd3 Bxg3 14. Qxg3 Be6 15. exd5 Bc8 16. Nb5 Na6 17. Rac1 Bd7 18. Nd6+ Kf8 19. Rc4 Rg8 20. Qa3 Kg7 21. Rf4 Ne5 22. Qc3 Qg5 23. Rf3 Kf8 24. Rg3 Qe7 25. Nxb7 Rxg3 26. hxg3 Rc8 27. Qe3 Ng4 28. Qf4 Qe5 29. Bf3 Qxf4 30. gxf4 Rc2 31. Rb1 h5 32. b4 Rc4 33. b5 Nc5 34. Nxc5 Rxc5 35. a4 1/2-1/2

[Event "83rd Tata Steel Masters 2021"]
[Site "Wijk aan Zee"]
[Date "2021.01.21"]
[Round "5.2"]
[White "Firouzja, Alireza"]
[Black "Van Foreest, Jorden"]
[Result "1/2-1/2"]
[WhiteElo "2749"]
[BlackElo "2671"]
[Annotator "TA"]
[PlyCount "105"]
[EventDate "2021.01.16"]
[EventType "tourn"]
[EventCountry "NED"]
[SourceTitle "playchess.com"]
[Source "ChessBase"]
[SourceQuality "1"]

1. d4 d5 2. Nf3 Nf6 3. g3 Bf5 4. c4 e6 5. Nc3 Nbd7 6. Nh4 dxc4 7. Nxf5 exf5 8. Qa4 Bd6 9. Qxc4 O-O 10. Bg2 c6 11. Qd3 g6 12. O-O Re8 13. Rb1 Nb6 14. b4 a6 15. a3 Qd7 16. Bg5 Nfd5 17. Nxd5 Nxd5 18. Rbe1 Bc7 19. Bd2 h5 20. Bg5 Kg7 21. Rc1 Bd8 22. Bd2 Bf6 23. e3 h4 24. a4 Nc7 25. Rfd1 Rad8 26. Be1 Rh8 27. Qb3 Qe6 28. Rd3 Rd7 29. Rb1 Rhd8 30. Qc2 Rh8 31. Rdd1 Rhd8 32. Qb3 Rh8 33. Rdc1 Re8 34. Qxe6 fxe6 35. b5 axb5 36. Ba5 hxg3 37. hxg3 e5 38. axb5 Nxb5 39. d5 e4 40. dxc6 bxc6 41. Rxc6 Re5 42. Bb4 Rc7 43. Ra6 Re8 44. Bf1 Nc3 45. Rb3 Rec8 46. Ba5 Rc6 47. Ra7+ Kh6 48. Kg2 Nd5 49. Ba6 Rh8 50. Bb7 Rh7 51. Bxc6 Rxa7 52. Ra3 Bc3 53. Bxd5 1/2-1/2

[Event "85th Tata Steel Masters 2023"]
[Site "Wijk aan Zee"]
[Date "2023.01.19"]
[Round "5.2"]
[White "Praggnanandhaa R"]
[Black "Giri, Anish"]
[Result "1/2-1/2"]
[WhiteElo "2684"]
[BlackElo "2764"]
[Annotator "TA"]
[PlyCount "93"]
[EventDate "2023.01.10"]
[EventType "tourn"]
[EventCountry "NED"]
[SourceTitle "playchess.com"]
[Source "ChessBase"]
[SourceQuality "1"]

1. e4 e5 2. Nf3 Nc6 3. Bc4 Nf6 4. d3 Bc5 5. Nc3 a6 6. O-O d6 7. a4 h6 8. Be3 Be6 9. Bxe6 fxe6 10. d4 exd4 11. Nxd4 Qd7 12. Nxc6 Qxc6 13. Qd3 O-O 14. Bxc5 Qxc5 15. Rad1 Rf7 16. Qd4 Qxd4 17. Rxd4 Nd7 18. a5 Ne5 19. Ne2 g5 20. Nc1 Nc6 21. Ra4 Ne5 22. Nd3 Nxd3 23. cxd3 Raf8 24. Rb4 c6 25. d4 d5 26. exd5 cxd5 27. Rb6 Re7 28. Re1 Kf7 29. Rc1 Kg6 30. g3 Rf3 31. Rd1 Kf6 32. Kg2 g4 33. h3 h5 34. hxg4 hxg4 35. Rh1 Rd3 36. Rh6+ Kg5 37. Rhxe6 Rxe6 38. Rxe6 Rxd4 39. Rb6 Ra4 40. b4 d4 41. Rxb7 Kf5 42. Rb6 d3 43. Rxa6 Rxb4 44. Rd6 Ke4 45. a6 Ra4 46. Kf1 Ra1+ 47. Kg2 1/2-1/2

[Event "84th Tata Steel Masters 2022"]
[Site "Wijk aan Zee"]
[Date "2022.01.20"]
[Round "5.2"]
[White "Grandelius, Nils"]
[Black "Carlsen, Magnus"]
[Result "1/2-1/2"]
[WhiteElo "2672"]
[BlackElo "2856"]
[Annotator "TA"]
[PlyCount "107"]
[EventDate "2022.01.15"]
[EventType "tourn"]
[EventCountry "NED"]
[SourceTitle "playchess.com"]
[Source "ChessBase"]
[SourceQuality "1"]

1. e4 c5 2. Nf3 Nc6 3. d4 cxd4 4. Nxd4 e6 5. Nc3 Qc7 6. Be3 a6 7. g4 Nxd4 8. Qxd4 b5 9. O-O-O Bb7 10. f3 Rc8 11. Qd2 Bb4 12. Bd4 f6 13. g5 h6 14. gxh6 Nxh6 15. a3 Bxa3 16. bxa3 e5 17. Nxb5 axb5 18. Bb2 d5 19. Bxb5+ Kf8 20. Ba4 d4 21. Bb3 Nf7 22. Qb4+ Kg8 23. Rd2 Ba6 24. f4 Rb8 25. Qa4 Bb5 26. Qb4 Ba6 27. Qa4 Bb5 28. Qb4 Rh3 29. fxe5 fxe5 30. Rg1 Be2 31. Bxf7+ Kxf7 32. Qa4 Qb7 33. Qb4 Qc7 34. Qa4 Bb5 35. Rdg2 Rh7 36. Qb3+ Bc4 37. Qg3 Qb6 38. Qg6+ Qxg6 39. Rxg6 Rc8 40. R6g5 Bd3 41. Rf5+ Kg8 42. Rf2 Rh6 43. Rd1 Bxe4 44. Re1 Rh4 45. a4 Rc5 46. Ba3 Rc8 47. Be7 Rg4 48. h3 Rg2 49. Rxg2 Bxg2 50. Rxe5 d3 51. Bc5 Ra8 52. cxd3 Rxa4 53. Kd2 Bxh3 54. Re4 1/2-1/2

[Event "85th Tata Steel Challengers 2023"]
[Site "Wijk aan Zee"]
[Date "2023.01.18"]
[Round "5.2"]
[White "Donchenko, Alexander"]
[Black "Supi, Luis Paulo"]
[Result "1/2-1/2"]
[WhiteElo "2627"]
[BlackElo "2608"]
[Annotator "TA"]
[PlyCount "50"]
[EventDate "2023.01.10"]
[EventType "tourn"]
[EventCountry "NED"]
[SourceTitle "playchess.com"]
[Source "ChessBase"]
[SourceQuality "1"]

1. d4 d5 2. c4 e6 3. Nc3 Be7 4. Nf3 Nf6 5. Bg5 h6 6. Bh4 O-O 7. e3 b6 8. cxd5 Nxd5 9. Bxe7 Qxe7 10. Rc1 Bb7 11. Bd3 Rc8 12. O-O c5 13. Nxd5 Bxd5 14. Ne5 Nd7 15. Nxd7 Qxd7 16. dxc5 Rxc5 17. Rxc5 bxc5 18. Bc4 Rd8 19. Bxd5 Qxd5 20. Qxd5 Rxd5 21. f3 Rd2 22. Rf2 Rd1+ 23. Rf1 Rd2 24. Rf2 Rd1+ 25. Rf1 Rd2 1/2-1/2

[Event "84th Tata Steel Challengers 2022"]
[Site "Wijk aan Zee"]
[Date "2022.01.20"]
[Round "5.2"]
[White "L'Ami, Erwin"]
[Black "Nguyen, Thai Dai Van"]
[Result "1/2-1/2"]
[WhiteElo "2622"]
[BlackElo "2609"]
[Annotator "TA"]
[PlyCount "67"]
[EventDate "2022.01.15"]
[EventType "tourn"]
[EventCountry "NED"]
[SourceTitle "playchess.com"]
[Source "ChessBase"]
[SourceQuality "1"]

1. e4 e5 2. Nf3 Nc6 3. Bb5 a6 4. Ba4 Nf6 5. O-O Be7 6. d3 b5 7. Bb3 O-O 8. Nc3 d6 9. a3 Na5 10. Ba2 Be6 11. b4 Bxa2 12. Nxa2 Nc6 13. c4 Nd4 14. Nc3 c6 15. Rb1 Ne6 16. h3 Qd7 17. Be3 Rfc8 18. Qb3 Bd8 19. Rfd1 Qb7 20. d4 exd4 21. Nxd4 Nxd4 22. Bxd4 Nd7 23. Ne2 Bf6 24. Bxf6 Nxf6 25. Ng3 bxc4 26. Qxc4 d5 27. Qd4 dxe4 28. Nf5 Qc7 29. Qe3 Nd5 30. Qxe4 Re8 31. Qc2 Qe5 32. Re1 Qf6 33. Rbc1 h5 34. Ne3 1/2-1/2

[Event "Tata Steel Tienkampen 2023"]
[Site "Wijk aan Zee"]
[Date "2023.01.24"]
[Round "5.2"]
[White "Beukema, Stefan"]
[Black "Van Dael, Siem"]
[Result "1/2-1/2"]
[WhiteElo "2411"]
[BlackElo "2291"]
[Annotator "TA"]
[PlyCount "284"]
[EventDate "2023.01.20"]
[EventType "swiss"]
[EventCountry "NED"]
[SourceTitle "playchess.com"]
[Source "ChessBase"]
[SourceQuality "1"]

1. e4 c5 2. Nf3 d6 3. d4 cxd4 4. Nxd4 Nf6 5. Nc3 a6 6. h3 e5 7. Nde2 h5 8. g3 Be7 9. Bg2 b5 10. Bg5 Nbd7 11. a3 Bb7 12. O-O O-O 13. Nc1 Rc8 14. Re1 g6 15. Nd3 Rc4 16. Qd2 Qa8 17. f3 Rfc8 18. h4 Bd8 19. Bh3 Bb6+ 20. Kh2 R8c7 21. Rac1 Qa7 22. Nd1 a5 23. b3 R4c6 24. N3b2 Bd4 25. c3 b4 26. axb4 axb4 27. Nc4 bxc3 28. Nxc3 Ba6 29. Nd5 Nxd5 30. exd5 Rc5 31. Nxd6 Bc3 32. Rxc3 Rxc3 33. Nc4 Rxf3 34. Be3 Qb7 35. d6 Rc8 36. Bxd7 Qxd7 37. Nxe5 Qf5 38. d7 Qxe5 39. Bf2 Qf5 40. Kg1 Kh7 41. dxc8=Q Bxc8 42. Qb2 Be6 43. Re3 Rxe3 44. Bxe3 Qf3 45. Bf4 Bd5 46. Qd2 Qh1+ 47. Kf2 Qg2+ 48. Ke3 Qf3+ 49. Kd4 Bxb3 50. Qc3 Qd5+ 51. Ke3 Bd1 52. Qf6 Qb3+ 53. Kf2 Qa2+ 54. Kf1 Bf3 55. Bd2 Qd5 56. Kf2 Qxd2+ 57. Kxf3 Qd5+ 58. Kf2 Qa2+ 59. Kf3 Qe6 60. Qd4 Qf5+ 61. Kg2 Qg4 62. Qf6 Qe2+ 63. Kg1 Qe6 64. Qf4 Kg7 65. Kg2 Qd5+ 66. Kg1 Qc5+ 67. Kg2 f6 68. Qb8 Qd5+ 69. Kh2 Qd2+ 70. Kh3 Qd7+ 71. Kg2 Qe7 72. Qb2 Qe4+ 73. Kh2 Qc6 74. Qe2 Qd6 75. Qb2 Kh6 76. Kg2 Qd5+ 77. Kf2 Kg7 78. Qc3 Qe5 79. Qc6 Qe7 80. Qc3 Qb7 81. Qd4 Qc7 82. Kg2 Qc2+ 83. Kg1 Qb1+ 84. Kg2 Qa2+ 85. Kg1 Qe6 86. Qa7+ Kh6 87. Qb8 Kg7 88. Qc7+ Qf7 89. Qd8 Qa7+ 90. Kg2 Qb7+ 91. Kh2 Qf7 92. Kg2 Qf8 93. Qc7+ Kh6 94. Qf4+ Kh7 95. Qc7+ Qg7 96. Qc2 Qd7 97. Kh2 Kg7 98. Qb2 Qe7 99. Kg2 Qe4+ 100. Kh2 Qf3 101. Qd2 Qf5 102. Qb2 Qd7 103. Qc3 Qe7 104. Qb2 Kh7 105. Qc2 Kh6 106. Qc6 Qe2+ 107. Kh3 Qf1+ 108. Kh2 Qf2+ 109. Kh1 g5 110. Qd6 Kg6 111. hxg5 Qf1+ 112. Kh2 Qe2+ 113. Kh3 Kxg5 114. Qd5+ Kh6 115. Qg8 Qf1+ 116. Kh2 Qf2+ 117. Kh3 Qf5+ 118. Kg2 Qg6 119. Qb8 Qg7 120. Qf4+ Qg5 121. Qb8 Qd5+ 122. Kh2 Kg5 123. Qf4+ Kg6 124. Qb8 Qd2+ 125. Kh3 Qd7+ 126. Kg2 Qe6 127. Kh2 Qf7 128. Kh3 Kg7 129. Qc8 Qe7 130. Qf5 Kh6 131. Qf4+ Kg6 132. Qb8 Qe6+ 133. Kg2 f5 134. Qd8 Qf6 135. Qxf6+ Kxf6 136. Kf2 Ke6 137. Ke2 Kf6 138. Kf2 Kg6 139. Kg2 h4 140. gxh4 Kh5 141. Kf3 f4 142. Kxf4 Kxh4 1/2-1/2

[Event "85th Tata Steel Masters 2023"]
[Site "Wijk aan Zee"]
[Date "2023.01.19"]
[Round "5.3"]
[White "Caruana, Fabiano"]
[Black "So, Wesley"]
[Result "1/2-1/2"]
[WhiteElo "2766"]
[BlackElo "2760"]
[Annotator "TA"]
[PlyCount "82"]
[EventDate "2023.01.10"]
[EventType "tourn"]
[EventCountry "NED"]
[SourceTitle "playchess.com"]
[Source "ChessBase"]
[SourceQuality "1"]

1. e4 e5 2. Nf3 Nc6 3. d4 exd4 4. Nxd4 Nf6 5. Nxc6 bxc6 6. e5 Qe7 7. Qe2 Nd5 8. c4 Ba6 9. b3 g6 10. Ba3 Nb4 11. Bb2 Bg7 12. a3 Nd5 13. Nd2 O-O 14. O-O-O Rfe8 15. Re1 Nb6 16. h4 d5 17. h5 dxc4 18. hxg6 hxg6 19. Qf3 Rab8 20. Re4 Bc8 21. Nxc4 Bf5 22. Reh4 Nxc4 23. Bxc4 Qg5+ 24. Qe3 Qxe3+ 25. fxe3 Be6 26. Bxe6 Rxe6 27. Kc2 Rb5 28. Bd4 a6 29. b4 Rd5 30. g4 Kf8 31. Bc5+ Kg8 32. Bd4 Kf8 33. Bc5+ Ke8 34. Rh7 Bxe5 35. e4 Rd8 36. Rf1 Rd7 37. g5 Bd6 38. Bd4 Be5 39. Bc5 Bd6 40. Bd4 Be5 41. Bc5 Bd6 1/2-1/2

[Event "84th Tata Steel Masters 2022"]
[Site "Wijk aan Zee"]
[Date "2022.01.20"]
[Round "5.3"]
[White "Esipenko, Andrey"]
[Black "Caruana, Fabiano"]
[Result "1/2-1/2"]
[WhiteElo "2714"]
[BlackElo "2792"]
[Annotator "TA"]
[PlyCount "125"]
[EventDate "2022.01.15"]
[EventType "tourn"]
[EventCountry "NED"]
[SourceTitle "playchess.com"]
[Source "ChessBase"]
[SourceQuality "1"]

1. d4 Nf6 2. c4 e6 3. Nf3 d5 4. Nc3 c6 5. e3 Nbd7 6. Qc2 Bd6 7. g4 h6 8. Bd2 dxc4 9. Rg1 b5 10. e4 e5 11. O-O-O Qc7 12. Kb1 Bb7 13. h4 O-O-O 14. g5 hxg5 15. hxg5 Ng8 16. g6 f6 17. dxe5 Bxe5 18. Ne2 c5 19. Nxe5 Nxe5 20. Bg2 Ne7 21. Nf4 Qb6 22. Be3 Kb8 23. b4 cxb3 24. Rxd8+ Rxd8 25. axb3 Rc8 26. Rc1 Qa5 27. Qa2 Qxa2+ 28. Kxa2 c4 29. bxc4 Nxc4 30. Bd4 Nc6 31. Bc3 N6e5 32. Bh3 Rh8 33. Bf5 Rh2 34. Ne6 Rxf2+ 35. Ka1 Rg2 36. Nxg7 Nxg6 37. Nh5 Ne7 38. Be6 Bxe4 39. Bxc4 bxc4 40. Bxf6 Nd5 41. Rxc4 Rg1+ 42. Kb2 Bf5 43. Be5+ Kb7 44. Nf4 Nb6 45. Rc7+ Ka6 46. Bd4 Rb1+ 47. Ka3 Rd1 48. Bxb6 axb6 49. Ne2 b5 50. Nc3 Rh1 51. Rf7 Bd3 52. Rf3 Bf1 53. Rf2 Bc4 54. Rd2 Ka5 55. Kb2 Rh3 56. Rf2 Rh5 57. Rd2 b4 58. Na2 Bxa2 59. Kxa2 Rb5 60. Kb3 Rc5 61. Rd3 Rc3+ 62. Rxc3 bxc3 63. Kxc3 1/2-1/2

[Event "83rd Tata Steel Masters 2021"]
[Site "Wijk aan Zee"]
[Date "2021.01.21"]
[Round "5.3"]
[White "Anton Guijarro, David"]
[Black "Tari, Aryan"]
[Result "1/2-1/2"]
[WhiteElo "2679"]
[BlackElo "2625"]
[Annotator "TA"]
[PlyCount "119"]
[EventDate "2021.01.16"]
[EventType "tourn"]
[EventCountry "NED"]
[SourceTitle "playchess.com"]
[Source "ChessBase"]
[SourceQuality "1"]

1. e4 e5 2. Nf3 Nc6 3. Bb5 Nf6 4. O-O Nxe4 5. d4 Nd6 6. Bxc6 dxc6 7. dxe5 Nf5 8. Qxd8+ Kxd8 9. h3 Be7 10. Nc3 Nh4 11. Nxh4 Bxh4 12. Be3 h5 13. Rad1+ Ke8 14. Ne4 Bf5 15. Ng5 Rf8 16. Rd4 Bxg5 17. Bxg5 f6 18. exf6 gxf6 19. Bh4 Kf7 20. Rf4 Kg6 21. Re1 Bxc2 22. Re6 Bf5 23. Re3 Bb1 24. Rg3+ Kh7 25. Bxf6 Rf7 26. Rg5 Kh6 27. Be5 Raf8 28. Rxf7 Rxf7 29. f4 h4 30. Rg4 Kh5 31. Bg7 Rf5 32. Bc3 Bxa2 33. Be1 a5 34. Rxh4+ Kg6 35. Bc3 a4 36. Be5 b5 37. Rh8 b4 38. Rb8 c5 39. Rb5 b3 40. Rxc5 Rxe5 41. Rxe5 a3 42. bxa3 b2 43. Rb5 b1=Q+ 44. Rxb1 Bxb1 45. Kf2 Bc2 46. g4 c5 47. Ke3 Kf6 48. Kd2 Ba4 49. h4 Bd7 50. f5 Ba4 51. Ke3 c4 52. Kf4 c3 53. g5+ Kf7 54. Ke3 c2 55. Kd2 Kg7 56. h5 Bb3 57. Kc1 Ba4 58. Kb2 Bb3 59. Kc1 Ba4 60. Kb2 1/2-1/2

[Event "85th Tata Steel Challengers 2023"]
[Site "Wijk aan Zee"]
[Date "2023.01.18"]
[Round "5.3"]
[White "L'Ami, Erwin"]
[Black "Ivic, Velimir"]
[Result "1/2-1/2"]
[WhiteElo "2627"]
[BlackElo "2585"]
[Annotator "TA"]
[PlyCount "77"]
[EventDate "2023.01.10"]
[EventType "tourn"]
[EventCountry "NED"]
[SourceTitle "playchess.com"]
[Source "ChessBase"]
[SourceQuality "1"]

1. d4 d5 2. c4 c6 3. Nf3 Nf6 4. e3 Bf5 5. Nc3 e6 6. Nh4 Be4 7. f3 Bg6 8. Qb3 Qc7 9. cxd5 Nxd5 10. e4 Nxc3 11. bxc3 Be7 12. Nxg6 hxg6 13. Be3 Bh4+ 14. Kd2 Nd7 15. Bd3 Be7 16. g3 O-O 17. Ke2 b5 18. Rhc1 Rfb8 19. a4 bxa4 20. Qxa4 a5 21. Rcb1 Nb6 22. Qc2 c5 23. Bf4 Bd6 24. dxc5 Qxc5 25. Rb5 Qc7 26. Bxd6 Qxd6 27. Rbxa5 Rxa5 28. Rxa5 Nd7 29. Ra1 Nc5 30. Bc4 Qe5 31. Kf1 g5 32. Re1 Rc8 33. Be2 g6 34. Kg2 Kg7 35. Rd1 g4 36. f4 Qxe4+ 37. Qxe4 Nxe4 38. Bxg4 Rxc3 39. Re1 1/2-1/2

[Event "82nd Tata Steel Challengers 2020"]
[Site "Wijk aan Zee"]
[Date "2020.01.16"]
[Round "5.3"]
[White "Nihal Sarin"]
[Black "Van Foreest, Lucas"]
[Result "0-1"]
[WhiteElo "2618"]
[BlackElo "2523"]
[Annotator "TA"]
[PlyCount "52"]
[EventDate "2020.01.11"]
[EventType "tourn"]
[EventCountry "NED"]
[SourceTitle "playchess.com"]
[Source "ChessBase"]
[SourceQuality "1"]

1. e4 e5 2. Nf3 Nc6 3. Bc4 Nf6 4. d3 Bc5 5. c3 d6 6. Nbd2 a6 7. Bb3 Ba7 8. h3 O-O 9. O-O Be6 10. Bc2 h6 11. Re1 Re8 12. Nf1 d5 13. Bd2 d4 14. c4 b5 15. cxb5 axb5 16. a4 b4 17. a5 Qd6 18. Ba4 Nd7 19. Ng3 Nc5 20. Bxc6 Qxc6 21. Bxb4 Nb3 22. Rb1 Qb5 23. Ba3 Qxa5 24. Nf1 Qb5 25. Qc2 Bb6 26. N1d2 Ra4 0-1

[Event "84th Tata Steel Challengers 2022"]
[Site "Wijk aan Zee"]
[Date "2022.01.20"]
[Round "5.3"]
[White "Bjerre, Jonas Buhl"]
[Black "Warmerdam, Max"]
[Result "1/2-1/2"]
[WhiteElo "2586"]
[BlackElo "2599"]
[Annotator "TA"]
[PlyCount "117"]
[EventDate "2022.01.15"]
[EventType "tourn"]
[EventCountry "NED"]
[SourceTitle "playchess.com"]
[Source "ChessBase"]
[SourceQuality "1"]

1. Nf3 Nf6 2. c4 e6 3. g3 d5 4. Bg2 d4 5. O-O Nc6 6. d3 Bc5 7. Na3 O-O 8. Nc2 e5 9. a3 a5 10. b3 h6 11. Rb1 Qe7 12. Qe1 e4 13. dxe4 Nxe4 14. Bb2 Nc3 15. Bxc3 dxc3 16. Qxc3 Bf5 17. Nh4 Bh7 18. e4 Bxa3 19. Nxa3 Qxa3 20. Nf5 Bxf5 21. exf5 Qc5 22. g4 Ne5 23. Qg3 c6 24. Rfe1 f6 25. h4 Rad8 26. g5 Kh8 27. Rbd1 Rxd1 28. Rxd1 Qe7 29. gxh6 gxh6 30. Qe3 Qg7 31. Kh1 Rg8 32. Bh3 Kh7 33. f4 Ng4 34. Qe2 h5 35. Rg1 Kh6 36. Bxg4 hxg4 37. Rd1 b5 38. Qe6 g3 39. Kg2 Rf8 40. Rd7 Qg8 41. Rd3 Qxe6 42. fxe6 bxc4 43. bxc4 Kg6 44. Kxg3 a4 45. Kf3 f5 46. Rd6 Kf6 47. Rxc6 Ra8 48. Rb6 a3 49. Rb1 a2 50. Ra1 Ra3+ 51. Kg2 Kxe6 52. h5 Kf6 53. c5 Kg7 54. c6 Kh6 55. c7 Rc3 56. Rxa2 Rxc7 57. Ra5 Kxh5 58. Rxf5+ Kg4 59. Rg5+ 1/2-1/2

[Event "Tata Steel Tienkampen 2023"]
[Site "Wijk aan Zee"]
[Date "2023.01.24"]
[Round "5.3"]
[White "Pijpers, Arthur"]
[Black "Pham, Khoi"]
[Result "1-0"]
[WhiteElo "2445"]
[BlackElo "2353"]
[Annotator "TA"]
[PlyCount "47"]
[EventDate "2023.01.20"]
[EventType "swiss"]
[EventCountry "NED"]
[SourceTitle "playchess.com"]
[Source "ChessBase"]
[SourceQuality "1"]

1. e4 c5 2. Nc3 d6 3. Nge2 Nf6 4. g3 g6 5. d4 cxd4 6. Nxd4 Nc6 7. Nxc6 bxc6 8. e5 dxe5 9. Qxd8+ Kxd8 10. Bg2 Kc7 11. O-O Be6 12. Re1 Nd7 13. b4 Rb8 14. b5 cxb5 15. a4 a6 16. axb5 axb5 17. Ra7+ Kc8 18. Bc6 b4 19. Na4 Nb6 20. Rxe5 Bg7 21. Rb5 Nc4 22. Bf4 Nd6 23. Rxb8+ Kxb8 24. Rxe7 1-0

[Event "83rd Tata Steel Masters 2021"]
[Site "Wijk aan Zee"]
[Date "2021.01.21"]
[Round "5.4"]
[White "Giri, Anish"]
[Black "Harikrishna, Pentala"]
[Result "1/2-1/2"]
[WhiteElo "2764"]
[BlackElo "2732"]
[Annotator "TA"]
[PlyCount "51"]
[EventDate "2021.01.16"]
[EventType "tourn"]
[EventCountry "NED"]
[SourceTitle "playchess.com"]
[Source "ChessBase"]
[SourceQuality "1"]

1. d4 d5 2. c4 dxc4 3. e4 e5 4. Nf3 exd4 5. Bxc4 Nc6 6. O-O Be6 7. Nbd2 Bd6 8. Qb3 Qd7 9. Qxb7 Rb8 10. Qa6 Nge7 11. a3 O-O 12. b4 Bg4 13. Bb2 Bf4 14. Rfe1 Qd6 15. g3 Bh6 16. e5 Qd7 17. Bf1 Ng6 18. Bg2 Rb6 19. Qf1 a5 20. b5 Bxd2 21. Nxd2 Ncxe5 22. a4 Bf5 23. Ne4 d3 24. Rad1 Rd8 25. Bc3 Nc4 26. Nd2 1/2-1/2

[Event "82nd Tata Steel Masters 2020"]
[Site "Wijk aan Zee"]
[Date "2020.01.16"]
[Round "5.4"]
[White "Vitiugov, Nikita"]
[Black "Yu, Yangyi"]
[Result "1/2-1/2"]
[WhiteElo "2747"]
[BlackElo "2726"]
[Annotator "TA"]
[PlyCount "48"]
[EventDate "2020.01.11"]
[EventType "tourn"]
[EventCountry "NED"]
[SourceTitle "playchess.com"]
[Source "ChessBase"]
[SourceQuality "1"]

1. d4 Nf6 2. Nf3 d5 3. c4 e6 4. g3 Bb4+ 5. Bd2 Be7 6. Bg2 O-O 7. O-O c6 8. Qc2 b6 9. Bf4 Nbd7 10. cxd5 cxd5 11. Rc1 Ba6 12. Nc3 Qc8 13. Qd1 Qb7 14. e4 Nxe4 15. Nxe4 dxe4 16. Nd2 Bd3 17. Rc3 Qa6 18. Nxe4 Bxe4 19. Bxe4 Rac8 20. Qd3 Qxd3 21. Bxd3 Nf6 22. Ba6 Rxc3 23. bxc3 Nd5 24. Bd2 Rd8 1/2-1/2

[Event "85th Tata Steel Masters 2023"]
[Site "Wijk aan Zee"]
[Date "2023.01.19"]
[Round "5.4"]
[White "Erigaisi Arjun"]
[Black "Ding, Liren"]
[Result "1/2-1/2"]
[WhiteElo "2722"]
[BlackElo "2811"]
[Annotator "TA"]
[PlyCount "74"]
[EventDate "2023.01.10"]
[EventType "tourn"]
[EventCountry "NED"]
[SourceTitle "playchess.com"]
[Source "ChessBase"]
[SourceQuality "1"]

1. e4 e5 2. Nf3 Nc6 3. Bc4 Bc5 4. c3 Nf6 5. d3 d6 6. O-O O-O 7. Bg5 h6 8. Bh4 g5 9. Bg3 a5 10. Re1 Ba7 11. Nbd2 Nh7 12. d4 g4 13. Nh4 exd4 14. Rb1 Ne5 15. Bb3 dxc3 16. bxc3 h5 17. Nf5 Ng6 18. h3 a4 19. Bc4 d5 20. Bxd5 Bxf5 21. exf5 Qxd5 22. fxg6 fxg6 23. hxg4 Nf6 24. Qc2 Qf7 25. Rxb7 Nxg4 26. Nf3 Bb6 27. c4 Ra5 28. Rb1 Qf6 29. Bxc7 Bxf2+ 30. Kh1 Rf5 31. Qe4 Rxf3 32. Qd5+ Rf7 33. Bd8 Qf4 34. Bc7 Qf6 35. Bd8 Qf4 36. Bc7 Qf6 37. Bd8 Rf5 1/2-1/2